| 000 | 00467nam a2200121Ia 4500 | ||
|---|---|---|---|
| 008 | 220216s9999 xx 000 0 und d | ||
| 100 | _aNair M.K.B. | ||
| 245 | 0 | _aProduction, planning and control | |
| 260 |
_bIn: Lecture Notes for the Refresher Course for small scale rubber goods manufacturers. Rubber Research Institute of India, Kottayam, India, pp. 287-290. _c1979 |
||
| 650 | _aProduction control | ||
| 650 | _aSmallscale rubber manufacturing unit | ||
| 942 | _cBS | ||
| 999 |
_c49846 _d49846 |
||